000 00440nam a2200157 a 4500
999 _c12810
_d12810
020 _a0711440018 (hardcover)
020 _a9780711440012 (hardcover)
100 1 _aMartin, Bruce.
245 1 0 _aJoints in Buildings /
260 _a[S.l.] :
_bGeorge Godwin Ltd,
_c1977.
300 _a230 p.
500 _aImport.
650 _aBuildings--Joints.
856 4 0 _uhttp://www.amazon.com/exec/obidos/ASIN/0711440018/chopaconline-20
942 _cBK